000 00251nam a2200097Ia 4500
001 696164
005 20250826162007.0
008 250824s9999 xx 000 0 und d
245 0 _aBENİM ADIM İSTANBUL/B.UZUNER/EVEREST
_cBUKET UZUNER
260 _bEVEREST
999 _c696164
_d696164